Biochemistry (Record no. 480000)

000 -LEADER
fixed length control field 00256nam a22001097a 4500
008 - FIXED-LENGTH DATA ELEMENTS--GENERAL INFORMATION
fixed length control field 160208t xxu||||| |||| 00| 0 eng d
020 ## - INTERNATIONAL STANDARD BOOK NUMBER
International Standard Book Number 81-309-0605-8
100 ## - MAIN ENTRY--PERSONAL NAME
Personal name J.C. Blackstock
9 (RLIN) 1548
245 ## - TITLE STATEMENT
Title Biochemistry
300 ## - PHYSICAL DESCRIPTION
Extent 307 p. :
942 ## - ADDED ENTRY ELEMENTS (KOHA)
Source of classification or shelving scheme
Koha item type Book
Holdings
Withdrawn status Lost status Source of classification or shelving scheme Damaged status Not for loan Collection code Permanent Location Current Location Date acquired Total Checkouts Full call number Barcode Date last seen Date last checked out Price effective from Koha item type
            Atta-ur-Rahman School of Applied Biosciences (ASAB) Atta-ur-Rahman School of Applied Biosciences (ASAB) 02/08/2016 3 612 BLA ASAB1711 06/27/2025 10/03/2023 02/08/2016 Book
© 2023 Central Library, National University of Sciences and Technology. All Rights Reserved.